Nature and extent of agriculture diversification and economic growth in Himachal Pradesh (Record no. 506337)

000 -LEADER
fixed length control field 00596nam a2200193Ia 4500
008 - FIXED-LENGTH DATA ELEMENTS--GENERAL INFORMATION
fixed length control field 181130s2018 xx 000 0 und d
100 ## - MAIN ENTRY--PERSONAL NAME
Personal name Kumar, Sandeep
245 ## - TITLE STATEMENT
Title Nature and extent of agriculture diversification and economic growth in Himachal Pradesh
260 ## - PUBLICATION, DISTRIBUTION, ETC.
Date of publication, distribution, etc. 2018
300 ## - PHYSICAL DESCRIPTION
Extent p.13-23.
504 ## - BIBLIOGRAPHY, ETC. NOTE
-- Apr
650 ## - SUBJECT ADDED ENTRY--TOPICAL TERM
Topical term or geographic name entry element Agriculture
650 ## - SUBJECT ADDED ENTRY--TOPICAL TERM
Topical term or geographic name entry element Crop diversification
650 ## - SUBJECT ADDED ENTRY--TOPICAL TERM
Topical term or geographic name entry element Economic growth
650 ## - SUBJECT ADDED ENTRY--TOPICAL TERM
Topical term or geographic name entry element Economic growth - India - Himachal Pradesh
700 ## - ADDED ENTRY--PERSONAL NAME
Personal name Singh, Ranveer and Sharma, Amit
773 ## - HOST ITEM ENTRY
Main entry heading Agricultural Situation in India
906 ## - LOCAL DATA ELEMENT F, LDF (RLIN)
a Economic growth
Holdings
Withdrawn status Lost status Damaged status Not for loan Permanent Location Current Location Date acquired Serial Enumeration / chronology Barcode Date last seen Price effective from Koha item type
        Indian Institute of Public Administration Indian Institute of Public Administration 2018-12-07 75(1), Apr, 2018: p.13-23. AR118132 2018-12-07 2018-12-07 Articles

Powered by Koha